000 00814nam0a2200289 4500
001 RU\NLR\ONL1\1119
005 20251118181801.0
035 _a(NLR Aleph) 009629877
090 _a9486617
_c9486617
100 _a20021111d1936 u y0rusy50 ca
101 0 _akrl
102 _aRU
105 _aa |||||||||
200 1 _aPikkarazet raskuazat
_fNeverov A.
_gРис. Paramonov
210 _aM.
_cDetizdat
_d1936
215 _a32 c.
_cил.
_d22
541 1 _6z01790
_aМаленькие рассказы
_zrus
686 1 _aШ9(2)6=Карел-4
700 1 _aNeverov
_bA.
_4070
790 1 _6z01541
_aНеверов
_bА.
_4070
801 0 _aRU
_bNLR
_c20021111
_gPSBO
852 _aNLR
_bОНЛ
_jКарел./3-36
899 _aНБ РК
942 _cBOOK
980 _aNB